01207 2200205 4500001002100000005001500021035002000036245008100056100001200137250001700149300003200166700001200198700001600210260003100226082000800257084001400265020002200279650001400301520068600315INLIS00000000000013120240508081427 a0010-05240000531 aSalam 5 in 1 :bKelas I Semester 1 Jilid 1A /cSuyanto; Turmudi; Abd. Rokhim0 aSuyanto acetakan ke-1 ax, 190 hlm :bilus ;c26 cm0 aTurmudi0 aAbd. Rokhim aJakarta :bErlangga,c2021 a297 a297 SUY s a978-623-266-309-1 4aPengayaan aBuku Salam 5 in 1 diperuntukkan untuk peserta didik Madrasah Ibtidaiyah (MI) yang terdiri dari empat mata pelajaran, yaitu Al-Qur'an dan Hadits, Aqidah dan Akhlak, Fiqih, dan Bahasa Arab. Buku ini dilengkapi dengan ringkasan materi, berbagai soal latihan, skala sikap, dan penilaian harian. Buku ini dibagi ke dalam dua semester, yaitu jilid A untuk semester ganjil dan jilid B untuk semester genap. Buku ini disusun mengacu pada Keputusan Menteri Agama (KMA) No. 183 Tahun 2019. Buku ini dapat menjadi buku pegangan bagi peserta didik maupun guru dalam proses belajar mengajar. Dengan adanya buku ini diharapkan proses belajar mengajar menjadi lebih menyenangkan dan terarah